Marvel Comics Characters by Picture (Random) - Statistics

General Stats
  • This quiz has been taken 2,241 times
  • The average score is 23 of 50
Answer Stats
Picture Answer % Correct
Doctor Doom/Victor von Doom
98%
Spider-Man/Miles Morales
96%
Venom/Eddie Brock
96%
Human Torch/Johnny Storm
95%
Punisher/Frank Castle
95%
Star-Sheriff/Rocket Raccoon
95%
Brawn/Amadeus Cho
94%
Daredevil/Matt Murdock
94%
Galactus/Galan
94%
Loki Laufeyson
94%
Quicksilver/Pietro Maximoff
94%
Captain America/Steve Rogers
93%
Iron Man/Tony Stark
93%
Invisible Woman/Sue Storm
92%
Ant-Man/Scott Lang
91%
Cosmic Ghost Rider/Frank Castle
91%
Ghost-Spider/Gwen Stacy
91%
Hawkeye/Clint Barton
91%
Red Skull/Johann Shmidt
91%
Sandman/William Baker
91%
Spider-Man 2099/Miguel O'Hara
91%
Spider-Man/Peter Parker
91%
Storm/Ororo Munroe
91%
Carnage/Cletus Kasady
90%
Iron Fist/Danny Rand
90%
Scarlet Witch/Wanda Maximoff
90%
Vision
90%
Deadpool/Wade Wilson
89%
Kraven the Hunter/Sergei Kravinoff
89%
Marvel Girl/Jean Grey-Summers
89%
Mystique/Raven Darkhölme
89%
Squirrel Girl/Doreen Green
89%
Thor Odinson
89%
Black Widow/Natalia Romanova
88%
Colossus/Piotr Rasputin
88%
Doctor Strange/Stephen Strange
88%
Green Goblin/Barton Hamilton
88%
Jubilee/Jubilation Lee
88%
Luke Cage
88%
Magneto/Max Eisenhardt
88%
Nick Fury, Jr.
88%
Revolution/James Barnes
88%
Thing/Ben Grimm
88%
Ultron
88%
Kingpin/Wilson Fisk
87%
Mister Fantastic/Reed Richards
87%
Black Panther/T'Challa
86%
Doctor Octopus/Otto Octavius
86%
Groot
86%
Howard the Duck/Howard Duckson
86%
Iceman/Bobby Drake
86%
Sub-Mariner/Namor McKenzie
86%
Abomination/Emil Blonsky
85%
Captain Marvel/Carol Danvers
85%
Moon Knight/Marc Spector
85%
Nova/Sam Alexander
85%
Silver Surfer/Norrin Radd
85%
Thanos
85%
Zheng Shang-Chi
85%
Angel/Warren Worthington III
84%
Electro/Francine Frye
84%
Electro/Max Dillon
84%
Ghost Rider/Robbie Reyes
84%
Mighty Thor/Jane Foster
84%
M.O.D.O.K./George Tarleton
84%
Rogue/Anna Marie LeBeau
84%
Scorpion/Mac Gargan
84%
War Machine/James Rhodes
84%
Blade/Eric Brooks
83%
Cyclops/Scott Summers
83%
Ghost Rider/Johnny Blaze
83%
Hela
83%
Ms. America/America Chavez
83%
Nebula
83%
Spider-Man India/Pavitr Prabhakar
83%
Wasp/Janet Van Dyne
83%
X-23/Laura Kinney
83%
Zeus Panhellenios
83%
Black Panther/T'Chaka
82%
Captain America/Isaiah Bradley
82%
Mysterio/Quentin Beck
82%
Nick Fury, Sr.
82%
Gambit/Remy LeBeau
81%
Kang the Conqueror/Nathaniel Richards
81%
Ms. Marvel/Kamala Khan
81%
Spider-Ham/Peter Porker
81%
Spot/Johnathon Ohnn
81%
All-Father/Odin Borson
80%
Beast/Hank McCoy
80%
Black Cat/Felicia Hardy
80%
Spider-Punk/Hobie Brown
80%
Beta Ray Bill
79%
Blob/Frederick Dukes
79%
Death Rider/Danny Ketch
79%
Iron Man 2020/Arno Stark
79%
Scarlet Spider/Ben Reilly
79%
U.S. Agent/John Walker
79%
Wasp/Nadia Van Dyne
79%
Drax the Destroyer/Arthur Douglas
78%
Hawkeye/Kate Bishop
78%
Professor X/Charles Xavier
78%
Taskmaster/Tony Masters
78%
Cable/Nathan Summers
77%
Captain America/Sam Wilson
77%
Death
77%
Gwenpool/Gwen Poole
77%
IronHeart/Riri Williams
77%
Whiplash/Anton Vanko
77%
Gamora Zen Whoberi Ben Titan
76%
Hank Pym
76%
Juggernaut/Cain Marko
76%
Nova/Richard Rider
76%
Spider-Woman/Jessica Drew
76%
Black Bolt/Blackagar Boltagon
75%
Lizard/Curt Connors
75%
Nightcrawler/Kurt Wagner
75%
Red Hulk/Thaddeus Ross
75%
Bullseye/Lester
74%
Captain Britain/Brian Braddock
74%
Cosmo the Spacedog
74%
John Jonah Jameson, Jr.
74%
Uatu the Watcher
74%
Madame Web/Cassandra Webb
73%
Mole Man/Harvey Elder
73%
Red She-Hulk/Betty Ross
73%
Sabretooth/Victor Creed
73%
Scarlet Spider/Kaine Parker
73%
Sentry/Robert Reynolds
73%
Bishop/Lucas Bishop
72%
Leader/Samuel Sterns
72%
Morbius the Living Vampire/Michael Morbius
72%
Domino/Neena Thurman
71%
Red Guardian/Alexi Shostakov
71%
Yellowjacket/Darren Cross
71%
Adam Warlock
70%
Killmonger/ N'Jadaka
70%
Black Knight/sir Percival of Scandia
69%
Lady Deadpool/Wanda Wilson
69%
Spider-Man Noir/Peter Parker
69%
Tombstone/Alonzo Lincoln
69%
Star-Lord/Peter Quill
68%
8-Ball/Jeff Hagees
67%
Heimdall
67%
Hood/Parker Robbins
66%
Werewolf by Night/Jack Russell
66%
Crossbones/Brock Rumlow
65%
Hercules Panhellenios
65%
Jessica Jones
65%
Mephisto
65%
Ronan the Accuser
65%
SP//dr/Peni Parker
65%
Cloak/Tyrone Johnson
64%
Mister Sinister/Nathaniel Essex
64%
Wiccan/William Kaplan
64%
Baron Zemo/Helmut Zemo
63%
Hobgoblin/Roderick Kingsley
63%
Man-Thing/Ted Sallis
63%
White Tiger/Ava Ayala
63%
Pyro/St. John Allerdyce
62%
Agent Anti-Venom/Flash Thompson
61%
Banshee/Sean Cassidy
61%
Ebony Maw
61%
Hit-Monkey
61%
Throg/Simon Walterson
61%
Living Tribunal
60%
Hammerhead/Joseph
59%
King in Black/Knull
59%
Lady Octopus/Carolyn Trainer
59%
Shadowkat/Kitty Pryde
59%
Speed/Thomas Shepherd
59%
Surtur
59%
Chameleon/Dmitri Smerdyakov
58%
Dormammu
58%
Gorr the God Butcher
58%
Magik/Illyana Rasputina
58%
Mister Immortal/Craig Hollis
58%
Scorpia/Elaine Coll
58%
Apocalypse/En Sabah Nur
57%
Mantis/Brandt
57%
Photon/Monica Rambeau
57%
Absorbing Man/Carl Creel
56%
Ego the Living Planet
56%
Hyperion/Zhib-Ran
56%
Mandarin
56%
Skymax/Sk'ym'x
56%
Wong
56%
Devil Dinosaur
55%
Echo/Maya Lopez
55%
Enchantress/Amora
55%
Forge
55%
Wolfsbane/Rahne Sinclair
55%
Daredevil/Elektra Natchios
54%
Executioner/Skurge
54%
Hydro-Man/Morris Bench
54%
Black Knight/Dane Whitman
53%
Cassandra Nova Xavier
53%
Iron Lad/Nathaniel Richards
53%
Medusa/Medusalith Amaquelin-Boltagon
53%
Shocker/Herman Schultz
53%
Tigra/Greer Nelson
53%
Havok/Alex Summers
52%
Klaw/Ulysses Klaw
52%
Kl'rt the Super-Skrull
52%
Prowler/Aaron Davis
52%
Beyonder
51%
Black Knight/Nathan Garrett
51%
Collector/Taneleer Tivan
51%
Fin Fang Foom
51%
Hyperion/Marcus Milton
51%
Negasonic Teenage Warhead/Eloise Phimister
51%
Patriot/Eli Bradley
51%
Silk/Cindy Moon
51%
Swarm/Fritz von Meyer
51%
Crimson Dynamo/Anton Vanko
50%
Jack O'Lantern/Steven Levins
50%
Maker/Reed Richards
50%
Moon Girl/Lunella Lafayette
50%
Silver Samurai/Kenuichio Harada
50%
The Living Mummy/N'Kantu
50%
Wonder Man/Simon Williams
50%
Dagger/Tandy Bowen
49%
Lady Sif
49%
Sunspot/Roberto Da Costa
49%
Yondu Udonta
49%
Annihilus
48%
Arnim Zola
48%
Khonshu
48%
Molecule Man/Owen Reece
48%
Warpath/James Proudstar
48%
Ares
47%
Egghead/Elihas Starr
47%
Misty Knight
47%
White Widow/Yelena Belova
47%
Baron Mordo/Karl Mordo
46%
Boomerang/Frederick Myers
46%
Genis-Vell
46%
Beetle/Abner Jenkins
45%
Blue Marvel/Adam Brashear
45%
Doctor Voodoo/Jericho Drumm
45%
Firestar/Angelica Jones
45%
Grandmaster/En Dwi Gast
45%
High Evolutionary/Herbert Wyndham
45%
Deathlok/Michael Collins
44%
Hellcat/Patricia Walker
44%
Hulkling/Theodore Altman
44%
Iron Monger/Obadiah Stane
44%
Lady Spider/May Reilly
44%
Lockjaw
44%
Mojo
44%
Polaris/Lorna Dane
44%
Scarecrow/Ebenezer Laughton
44%
Vivian Vision
44%
Gold Goblin/Norman Osborn
43%
Grim Reaper/Eric Williams
43%
Lady Deathstrike/Yuriko Oyama
43%
Valkyrie/Brunnhilde
43%
Elsa Bloodstone
42%
Angela/Aldrif Odinsdottir
41%
Cannonball/Samuel Guthrie
41%
Captain Marvel/Mar-Vell
40%
Goliath/Thomas Foster
40%
Ka-Zar/Kevin Plunder
40%
Sauron/Karl Lykos
40%
Shadow King
40%
Aja-Adanna/Shuri
39%
Ikaris
38%
Man-Wolf/John Jonah Jameson III
38%
Yellowjacket/Rita DeMara
38%
3-D Man/Delroy Garrett Jr.
37%
Jackal/Miles Warren
37%
Darkhawk/Christopher Powell
36%
Morph/Kevin Sidney
36%
Nightmare
36%
Orka
36%
Silver Sable/Silvija Sablinova
36%
Sunfire/Shiro Yoshida
36%
Tinkerer/Phineas Mason
36%
Titania/Mary MacPherran
36%
Attuma
35%
Man-Ape/M'Baku
35%
Moondragon/Heather Douglas
35%
Starfox/Eros
35%
Shatterstar/Gaveedra Seven
34%
The Human Torch/Jim Hammond
34%
Union Jack/James Montgomery Falsworth
34%
Clea Strange
33%
Dazzler/Alison Blaire
33%
Grey Gargoyle/Paul Duval
33%
Quake/Daisy Johnson
33%
Stilt-Man/Wilbur Day
33%
Tiger Shark/Todd Arliss
33%
Black Goliath/Bill Foster
32%
Captain Britain/Betsy Braddock
32%
Grizzly/Maxwell Markham
32%
Malekith the Accursed
32%
3-D Man/Charles Chandler
31%
Armor/Hisako Ichiki
31%
Gladiator/Kallark
31%
Karnak Mander-Azur
31%
Mockingbird/Barbara Morse
31%
Stature/Cassie Lang
31%
Stingray/Walter Newell
31%
Longshot
30%
Triton
30%
Deathlok/Henry Hayes
29%
Deathlok the Demolisher/Luther Manning
29%
Dragon Man/Draconus
29%
Gladiator/Melvin Potter
29%
Impossible Man
29%
Jocasta Pym
29%
Mirage/Danielle Moonstar
29%
Phil Coulson
29%
Glob/Robert Herman
28%
Starbrand/Kevin Connor
28%
Swordsman/Jacques DuQuesne
28%
Captain Marvel/Phyla-Vell
27%
D-Man/Dennis Dunphy
27%
Lionheart/Kelsey Leigh
27%
Lockheed
27%
Pixie/Megan Gwynn
27%
Ragnarok
27%
Union Jack/Joseph Chapman
27%
Whirlwind/David Cannon
27%
Captain Universe
26%
Phantom Rider/Carter Slade
26%
Siryn/Theresa Cassidy
26%
Speed Demon/James Sanders
26%
Vlad Dracula
26%
Wizard/Bentley Wittman
26%
Morlun
25%
Quasar/Wendell Vaughn
25%
Titanium Man/Boris Bullski
25%
Toxin/Patrick Mulligan
25%
Big Wheel/Jackson Weele
24%
Darwin/Armando Muñoz
24%
Kurse/Algrim
24%
Spider-UK/Billy Braddock
24%
Thunderstrike/Eric Masterson
24%
Darkstar/Laynia Petrovna
23%
Doppelganger
23%
Gravition/Franklin Hall
23%
Jack of Hearts/Jonathan Hart
23%
Living Totem
23%
Makkari
23%
Maximus Boltagon
23%
Radioactive Man/Chen Lu
23%
Rockslide/Santo Vaccarro
23%
Stegron the Dinosaur Man/Vincent Stegron
23%
Typhoid Mary/Mary Walker
23%
Ursa Major/Mikhail Ursus
23%
Fantomex/Charlie Cluster-7
22%
Nathaniel Richards
22%
Star Brand/Kenneth Connell
22%
Veranke
22%
Web-Slinger/Patrick O'Hara
22%
Ghost
21%
Living Laser/Arthur Parks
21%
Scarlet Scarab/Layla El-Faouly
21%
Spiral/Rita Wayword
21%
Whizzer/Robert Frank
21%
Dum Dum Dugan/Timothy Dugan
20%
Firebird/Bonita Juarez
20%
Kraven the Hunter/Anastasia Kravinoff
20%
Machine Man/Aaron Stack
20%
Morgan Le Fay
20%
Shanna the She-Devil/Shanna O'Hara
20%
Solo/James Bourne
20%
Spirit Rider/Kushala
20%
Agatha Harkness
19%
Brainstorm/Valeria Richards
19%
Constrictor/Frank Payne
19%
Human Fly/Richard Deacon
19%
Thane
19%
Yellowjacket/Criti Noll
19%
Atlas/Erik Josten
18%
Diamondback/Rachel Leighton
18%
Jimmy Woo
18%
Marvel Boy/Noh-Varr
18%
Quasar/Avril Kincaid
18%
Sword Master/Lin Lie
18%
Thundra
18%
Two-Gun Kid/Matthew Hawk
18%
Agamotto
17%
Alex Power
17%
Baron Blood/John Falsworth
17%
Exodus/Bennet du Paris
17%
Hope/Hope Summers
17%
Lady Bullseye
17%
Power Man/Víctor Álvarez
17%
Rick Jones
17%
Count Nefaria/Luchino Nefaria
16%
Darkhawk/Connor Young
16%
Justice/Vance Astrovik
16%
Madame Web/Julia Carpenter
16%
Mass Master/Jack Power
16%
Master Weaver/Karn
16%
T-Ray/ Wade Wilson
16%
Whizzer/Stanley Stewart
16%
Armadillo/Antonio Rodriguez
15%
Black Priestess/Selene Gallio
15%
Gorgon Petragon
15%
Gorilla-Man/Kenneth Hale
15%
Kid Colt/Blaine Colt
15%
Manifold/Eden Fesi
15%
Miss America/Madeline Joyce
15%
Namora/Aquaria Neptunia
15%
Rose/Richard Fisk
15%
Spider-UK/Zarina Zahari
15%
Trapster/Peter Petruski
15%
Agent X/Nijo
14%
Blackout/Marcus Daniels
14%
Madame Masque/Whitney Frost
14%
Mimic/Calvin Rankin
14%
Nighthawk/Kyle Richmond
14%
Thunderbird/John Proudstar
14%
White Rabbit/Lorina Dodson
14%
X-Ray/James Darnell
14%
Batroc the Leaper/Georges Batroc
13%
Butterball/Emery Schaub
13%
Clown/Kazimierz Kazimierczak
13%
Hornet/Hobie Brown
13%
Magus
13%
Major Victory/Vance Astro
13%
Rictor/Julio Richter
13%
Vulcan/Gabriel Summers
13%
Wave/Pearl Pangan
13%
Aero/Lei Ling
12%
Blazing Skull/Mark Todd
12%
Doctor Druid/Anthony Druid
12%
Doctor Nemesis/James Bradley
12%
Hellstorm/Daimon Hellstrom
12%
Hybrid/Scott Washington
12%
Penance/Robert Baldwin
12%
Rawhide Kid/Jonathan Clay
12%
Battlestar/Lemar Hoskins
11%
Black Tom Cassidy/Thomas Cassidy
11%
Chaos King/Amatsu-Mikaboshi
11%
Sersi
11%
Ulysses Bloodstone
11%
Crossfire/William Cross
10%
Cyclone/Pierre Fresson
10%
Debrii/Deborah Fields
10%
Destiny/Irene Adler
10%
Doctor Spectrum/Joseph Ledger
10%
Karolina Dean
10%
Lightspeed/Julie Power
10%
Shriek/Frances Barrison
10%
Black Mamba/Tanya Sealy
9%
Blastaar
9%
Fixer/Norbert Ebersol
9%
Forbush Man/Irving Forbush
9%
Frigga/Freyja Freyrdottir
9%
Lady Hellbender/Marguerite Hellbender
9%
Owl/Leland Owlsley
9%
Slapstick/Steven Harmon
9%
Slyde/Jalome Beacher
9%
Snowguard/Amka Aliyak
9%
Spider-Boy/Bailey Briggs
9%
Chance/Nicholas Powell
8%
Itsy Bitsy
8%
Molten Man/Mark Raxton
8%
Moonstone/Karla Sofen
8%
Silvermane/Silvio Manfredi
8%
Synch/Everett Thomas
8%
Max Fury
7%
Megatak/Gregory Nettles
7%
Mobius M. Mobius
7%
Regent/Augustus Roman
7%
Typeface/Gordon Thomas
7%
Zzzax
7%
Copycat/Vanessa Carlysle
6%
Fat Cobra
6%
Inventor/Thomas Edison
6%
Jack Flag/Jack Harrison
6%
Nico Minoru
6%
Wraith/Yuri Watanabe
6%
Cullen Bloodstone
5%
Human Robot/M-11
5%
Moira X/Moira MacTaggert
5%
Monica Rappaccini
5%
Red Raven
5%
Shroud/Maximillian Coleridge
5%
Vector/Simon Utrecht
5%
Doc Justice/Alex Wilder
4%
Teresa Parker
4%
Crime-Master/Bennett Brant
3%
Death Adder/Roland Burroughs
3%
Nocrurne/Talia Wagner
3%
Power Princess/Zarda Shelton
3%
Chase Stein
2%
Lifecry/Sharra Neramani
2%
Masked Raider/Carlo Zota
2%
Overdrive/James Beverley
2%
Scorcher/Steven Hudak
2%
Speed Demon/Wally West
2%
Spymaster/Sinclair Abbott
2%
Arácnido, Jr.
0%
Killer Shrike/Simon Maddicks
0%
Masked Marauder/Frank Farnum
0%
Mentallo/Marvin Flumm
0%
No matching quizzes found
Score Distribution
Percent of People with Each Score
Percentile by Number Answered
Your Score History
You have not taken this quiz